00873 2200289 4500001002100000005001500021035002000036007000300056008004100059040001700100100001500117245011900132250001200251300002600263020001800289041000800307082001000315084001400325090002000339260004700359500002000406630007300426650001400499700003200513850001000545990002800555INLIS00000000000336820260417085749 a0010-0521000005ta260417 0  aSBPUPADbind0 aGene Sharp1 aMenuju Demokrasi Tanpa Kekerasan :bKerangka Konseptual Untuk Pembebasan /cGene Sharp;penerjemah, Sugeng Bahagijo a.-cet.1 axx, 108 hlm. ;c21 cm a979-416-432-1 aind a321.9 a320 GEN m a321.9 GEN m 7-7 a.--Jakarta :bPustaka Sinar Harapan,c1997 aIndeks, hlm 103 aFrom Dictatorship to Democracy A Conceptual Framework for Liberation 4aDemokrasi aPenerjemah, Sugeng Bahagijo aPUPAD a00614/BR/ARPUS/PDG/2005